000 00912nam a22002177a 4500
008 130821s2003 ck gr spa
020 _a9588192269
040 _aCo-BoUCM
_bspa
041 0 0 _aspa
245 0 0 _aCincuenta años de jurisprudencia del Tribunal constitucional Federal Alemán
_cCompilador Jürgen Schwabe.
260 _aBogotá (Colombia)
_bEdiciones Jurídicas Gustavo Ibáñez
_c2003
300 _axxiii, 501 páginas
504 _aIncluye bibliografía e índice.
650 0 4 _aAdministración de justicia
_zAlemania
_98543
650 0 4 _aJurisprudencia constitucional
_zAlemania
_vRecopilaciones, repertorios, etc.
_918179
650 0 4 _aJurisprudencia
_zAlemania
_vRecopilaciones, repertorios, etc.
_918175
650 0 4 _aTribunales constitucionales
_zAlemania
_925872
700 1 _aSchwabe, Jurgen.
_ecomp.
942 _cLIBRO
_a8
_e1
_mC574
_2DEWEY
_h348.43
999 _c92120
_d92120